| 000 | 00340nam a2200085Ia 4500 | ||
|---|---|---|---|
| 008 | 160715s9999 xx 000 0 und d | ||
| 245 | _aPH elementary schools win 16 medals in Bulgaria math fest | ||
| 260 |
_bPhilippine Daily Inquirer _cJuly 7, 2013 |
||
| 856 | _uhttp://globalnation.inquirer.net/79919/ph-team-wins-14-medals-in-bulgaria-math-fest | ||
| 999 |
_c297745 _d297745 |
||